Lowest HDI Countries with Exceptions - Statistics

General Stats
  • This quiz has been taken 43,481 times
    21,602 since last reset
  • The average score is 18 of 24
Answer Stats
HDI Country % Correct
0.478 Afghanistan
87%
0.577 Syria
84%
0.544 Pakistan
83%
0.535 Haiti
81%
0.455 Yemen
81%
0.633 India
80%
0.607 Laos
80%
0.661 Bangladesh
79%
0.593 Cambodia
78%
0.585 Myanmar
77%
0.602 Nepal
76%
0.666 Bhutan
73%
0.675 El Salvador
72%
0.621 Honduras
72%
0.667 Nicaragua
71%
0.627 Guatemala
69%
0.558 Papua New Guinea
69%
0.607 East Timor
66%
0.641 Tuvalu
66%
0.564 Solomon Islands
64%
0.607 Vanuatu
64%
0.639 Marshall Islands
63%
0.624 Kiribati
62%
0.628 F. S. Micronesia
61%
No matching quizzes found
Score Distribution
Percent of People with Each Score
Percentile by Number Answered
Your Score History
You have not taken this quiz since the last reset